000 00614nam a22002171a 4500
001 1259073
005 20110718134011.0
008 840615r19691909nju 000 0 ger d
035 _a(OCoLC)10848388
035 _9AFP4692SU
040 _aVA@
_cVA@
_dSYB
041 0 _agernic
049 _aSYBB
090 _aPL8110.C4
_bK6 1964
100 1 _aKotz, Ernst.
245 1 0 _aGrammatik des Chasu in Deutsch-Ostafrika
_h[Text]
260 _aRidgewood, N.J.
_bGregg Press
_c1964
300 _avii, 79 p., 20 c
500 _aReprint. Originally published: Berlin : G. Reimer, 1909.
650 0 _aAsu language
_xGrammar.
999 _c43313
_d43289